[Event "Guimaraes Open 2019"]
[Site "Guimaraes"]
[Date "2019.08.29"]
[Round "2.32"]
[White "Giraldo Guerrero, Laureano"]
[Black "Pintor, Simao Maciel Abranch"]
[Result "0-1"]
[WhiteElo "1763"]
[BlackElo "2076"]
[Annotator "NA"]
[PlyCount "60"]
[EventDate "2019.08.28"]
[EventType "swiss"]
[EventCountry "POR"]
[SourceTitle "playchess.com"]
[Source "ChessBase"]
[SourceQuality "1"]
[TimeControl "5400+30"]

1. e4 c5 {[%emt 0:07:33]} 2. Nf3 {[%emt 0:01:05]} g6 {[%emt 0:00:06]} 3. b3 {[%emt 0:07:20]} Bg7 {[%emt 0:00:09]} 4. Nc3 {[%emt 0:00:06]} Nf6 {[%emt 0:01:57]} 5. Rb1 {[%emt 0:06:25]} Nc6 {[%emt 0:01:50]} 6. Bb2 {[%emt 0:06:19]} O-O {[%emt 0:00:21]} 7. Be2 {[%emt 0:07:53]} d5 {[%emt 0:00:44]} 8. Nxd5 {[%emt 0:04:40]} Nxe4 {[%emt 0:01:55]} 9. Bxg7 {[%emt 0:00:59]} Kxg7 {[%emt 0:00:07]} 10. Nc3 {[%emt 0:02:20]} Nxc3 {[%emt 0:01:12]} 11. dxc3 {[%emt 0:00:04]} Bf5 {[%emt 0:00:27]} 12. Qxd8 {[%emt 0:12:28]} Rfxd8 {[%emt 0:00:44]} 13. Rc1 {[%emt 0:06:26]} Rac8 {[%emt 0:05:25]} 14. O-O {[%emt 0:04:50]} a6 {[%emt 0:02:47]} 15. h3 {[%emt 0:07:31]} e5 {[%emt 0:00:39]} 16. g4 {[%emt 0:04:10]} Be6 {[%emt 0:00:40]} 17. Ng5 {[%emt 0:11:05]} Bd5 {[%emt 0:00:04]} 18. f3 {[%emt 0:04:17]} f6 {[%emt 0:02:47]} 19. Ne4 {[%emt 0:00:23]} Ne7 {[%emt 0:03:22]} 20. Rcd1 {[%emt 0:05:16]} g5 {[%emt 0:04:39]} 21. Ng3 {[%emt 0:02:47]} Be6 {[%emt 0:03:53]} 22. Rxd8 {[%emt 0:01:58]} Rxd8 {[%emt 0:00:04]} 23. Ne4 {[%emt 0:00:50]} b6 {[%emt 0:02:00]} 24. c4 {[%emt 0:00:42]} Ng6 {[%emt 0:03:21]} 25. Bd3 {[%emt 0:00:52]} Nf4 {[%emt 0:00:18]} 26. Nf2 {[%emt 0:00:28]} h5 {[%emt 0:01:34]} 27. gxh5 {[%emt 0:00:55]} Bxh3 {[%emt 0:02:33]} 28. Rd1 {[%emt 0:00:54]} Be6 {[%emt 0:00:57]} 29. Ng4 {[%emt 0:00:51]} Bxg4 {[%emt 0:01:09]} 30. fxg4 {[%emt 0:00:05]} e4 {[%emt 0:00:03]} 0-1

[Event "Guimaraes Open 2019"]
[Site "Guimaraes"]
[Date "2019.08.29"]
[Round "2.33"]
[White "Hernandez Torralba, Jose Joaquin"]
[Black "Barrento, Jorge Maria Lopes"]
[Result "1/2-1/2"]
[WhiteElo "2061"]
[BlackElo "1745"]
[Annotator "NA"]
[PlyCount "128"]
[EventDate "2019.08.28"]
[EventType "swiss"]
[EventCountry "POR"]
[SourceTitle "playchess.com"]
[Source "ChessBase"]
[SourceQuality "1"]
[TimeControl "5400+30"]

1. e4 {[%emt 0:00:00]} d5 {[%emt 0:04:51]} 2. exd5 {[%emt 0:00:17]} Nf6 {[%emt 0:00:08]} 3. d4 {[%emt 0:00:17]} Bg4 {[%emt 0:00:05]} 4. Nf3 {[%emt 0:03:32]} Qxd5 {[%emt 0:00:51]} 5. Be2 {[%emt 0:01:22]} e6 {[%emt 0:02:31]} 6. O-O {[%emt 0:03:45]} Nc6 {[%emt 0:03:23]} 7. Bf4 {[%emt 0:17:27]} Qd7 {[%emt 0:07:12]} 8. h3 {[%emt 0:05:43]} Bh5 {[%emt 0:07:10]} 9. c3 {[%emt 0:01:03]} Be7 {[%emt 0:07:56]} 10. b4 {[%emt 0:04:41]} a6 {[%emt 0:02:13]} 11. Na3 {[%emt 0:07:02]} Nd5 {[%emt 0:04:42]} 12. Bd2 {[%emt 0:00:09]} O-O {[%emt 0:00:11]} 13. Nc4 {[%emt 0:01:42]} Bf6 {[%emt 0:07:54]} 14. a3 {[%emt 0:01:43]} Rfe8 {[%emt 0:04:26]} 15. Re1 {[%emt 0:01:02]} Rad8 {[%emt 0:05:44]} 16. Qb3 {[%emt 0:02:52]} Qc8 {[%emt 0:01:04]} 17. Rad1 {[%emt 0:00:51]} Nde7 {[%emt 0:03:22]} 18. Nce5 {[%emt 0:04:34]} Bxe5 {[%emt 0:03:59]} 19. dxe5 {[%emt 0:01:20]} Rd7 {[%emt 0:01:37]} 20. g4 {[%emt 0:06:10]} Bg6 {[%emt 0:00:35]} 21. c4 {[%emt 0:08:23]} Red8 {[%emt 0:02:22]} 22. Bc3 {[%emt 0:01:37]} Bd3 {[%emt 0:02:22]} 23. Bf1 {[%emt 0:07:48]} Bxf1 {[%emt 0:00:33]} 24. Kxf1 {[%emt 0:00:04]} Ng6 {[%emt 0:00:49]} 25. Qc2 {[%emt 0:03:38]} Nf4 {[%emt 0:02:20]} 26. Bd2 {[%emt 0:03:07]} Ng6 {[%emt 0:01:41]} 27. h4 {[%emt 0:02:48]} Nd4 {[%emt 0:00:49]} 28. Nxd4 {[%emt 0:00:19]} Rxd4 {[%emt 0:00:03]} 29. h5 {[%emt 0:00:09]} Nf8 {[%emt 0:02:37]} 30. Bg5 {[%emt 0:05:10]} R8d7 {[%emt 0:01:32]} 31. h6 {[%emt 0:03:21]} Ng6 {[%emt 0:01:12]} 32. hxg7 {[%emt 0:01:18]} Rxg4 {[%emt 0:00:38]} 33. Rxd7 {[%emt 0:01:26]} Qxd7 {[%emt 0:00:07]} 34. Rd1 {[%emt 0:00:46]} Rd4 {[%emt 0:00:02]} 35. Re1 {[%emt 0:00:37]} Qc6 {[%emt 0:04:33]} 36. Be3 {[%emt 0:00:10]} Rxc4 {[%emt 0:00:47]} 37. Qd3 {[%emt 0:00:30]} Kxg7 {[%emt 0:01:38]} 38. Qd8 {[%emt 0:01:07]} Nxe5 {[%emt 0:02:59]} 39. Qg5+ {[%emt 0:00:39]} Ng6 {[%emt 0:00:28]} 40. Qh6+ {[%emt 0:00:08]} Kg8 {[%emt 0:01:11]} 41. Rd1 {[%emt 0:00:13]} Qe8 {[%emt 0:00:31]} 42. Bg5 {[%emt 0:00:18]} Ne7 {[%emt 0:01:59]} 43. Rd3 {[%emt 0:01:18]} Rg4 {[%emt 0:01:20]} 44. Qh5 {[%emt 0:00:43]} Qb5 {[%emt 0:01:02]} 45. Qxg4 {[%emt 0:00:41]} Qxd3+ {[%emt 0:00:02]} 46. Kg1 {[%emt 0:00:05]} Qf5 {[%emt 0:01:56]} 47. Qg3 {[%emt 0:00:08]} Ng6 {[%emt 0:00:34]} 48. Be3 {[%emt 0:00:39]} Qb1+ {[%emt 0:01:19]} 49. Kh2 {[%emt 0:00:11]} Qe4 {[%emt 0:00:43]} 50. Kg1 {[%emt 0:00:51]} Qb1+ {[%emt 0:00:41]} 51. Kh2 {[%emt 0:00:20]} Qe4 {[%emt 0:00:03]} 52. Kg1 {[%emt 0:00:50]} Qe5 {[%emt 0:00:00]} 53. Qg2 {[%emt 0:00:29]} c6 {[%emt 0:00:00]} 54. Qg4 {[%emt 0:00:45]} Qf5 {[%emt 0:01:02]} 55. Qd4 {[%emt 0:00:21]} h5 {[%emt 0:00:24]} 56. Kf1 {[%emt 0:00:39]} Qg4 {[%emt 0:00:41]} 57. Qd7 {[%emt 0:00:20]} h4 {[%emt 0:01:18]} 58. Bd4 {[%emt 0:00:41]} Qd1+ {[%emt 0:00:29]} 59. Kg2 {[%emt 0:00:04]} h3+ {[%emt 0:00:42]} 60. Kxh3 {[%emt 0:00:55]} Qf3+ {[%emt 0:00:13]} 61. Kh2 {[%emt 0:00:04]} e5 {[%emt 0:00:46]} 62. Be3 {[%emt 0:01:02]} Nf4 {[%emt 0:00:33]} 63. Qe8+ {[%emt 0:00:06]} Kh7 {[%emt 0:01:07]} 64. Qxf7+ {[%emt 0:00:11]} Kh8 {[%emt 0:00:38]} 1/2-1/2

[Event "Guimaraes Open 2019"]
[Site "Guimaraes"]
[Date "2019.08.29"]
[Round "2.34"]
[White "Santos, Jose Miguel Sereno"]
[Black "Sismeiro, Miguel"]
[Result "1/2-1/2"]
[WhiteElo "1749"]
[BlackElo "2054"]
[Annotator "NA"]
[PlyCount "126"]
[EventDate "2019.08.28"]
[EventType "swiss"]
[EventCountry "POR"]
[SourceTitle "playchess.com"]
[Source "ChessBase"]
[SourceQuality "1"]
[TimeControl "5400+30"]

1. e4 {[%emt 0:00:00]} c5 {[%emt 0:00:46]} 2. Nf3 {[%emt 0:00:00]} e6 {[%emt 0:00:11]} 3. c3 {[%emt 0:00:46]} Nf6 {[%emt 0:01:01]} 4. e5 {[%emt 0:00:29]} Nd5 {[%emt 0:00:05]} 5. d4 {[%emt 0:01:29]} cxd4 {[%emt 0:00:04]} 6. cxd4 {[%emt 0:00:32]} d6 {[%emt 0:00:13]} 7. Bb5+ {[%emt 0:00:53]} Bd7 {[%emt 0:08:03]} 8. Bxd7+ {[%emt 0:00:09]} Qxd7 {[%emt 0:10:33]} 9. O-O {[%emt 0:00:56]} Nc6 {[%emt 0:02:19]} 10. a3 {[%emt 0:05:04]} dxe5 {[%emt 0:03:57]} 11. Nxe5 {[%emt 0:00:24]} Qc7 {[%emt 0:17:01]} 12. Nxc6 {[%emt 0:08:24]} Qxc6 {[%emt 0:01:24]} 13. Bd2 {[%emt 0:02:01]} Be7 {[%emt 0:02:41]} 14. Nc3 {[%emt 0:00:12]} Nxc3 {[%emt 0:02:59]} 15. Bxc3 {[%emt 0:00:08]} Qd5 {[%emt 0:02:51]} 16. Rc1 {[%emt 0:06:18]} O-O {[%emt 0:17:11]} 17. Qe2 {[%emt 0:04:13]} Rac8 {[%emt 0:03:32]} 18. Rfd1 {[%emt 0:08:16]} Rfd8 {[%emt 0:04:18]} 19. Qe5 {[%emt 0:24:03]} Bf6 {[%emt 0:08:24]} 20. Qxd5 {[%emt 0:06:48]} Rxd5 {[%emt 0:00:02]} 21. Kf1 {[%emt 0:00:51]} h5 {[%emt 0:02:05]} 22. Ke2 {[%emt 0:01:03]} Rcd8 {[%emt 0:03:06]} 23. g3 {[%emt 0:03:08]} g5 {[%emt 0:03:37]} 24. f3 {[%emt 0:01:02]} Kh7 {[%emt 0:00:32]} 25. Rd2 {[%emt 0:01:59]} Kg6 {[%emt 0:00:14]} 26. Ke3 {[%emt 0:00:54]} R8d7 {[%emt 0:00:09]} 27. Rcd1 {[%emt 0:00:40]} Bd8 {[%emt 0:00:37]} 28. Rd3 {[%emt 0:01:02]} Bb6 {[%emt 0:00:10]} 29. Ke2 {[%emt 0:00:09]} f5 {[%emt 0:03:00]} 30. Re3 {[%emt 0:00:57]} Kf6 {[%emt 0:00:09]} 31. Re5 {[%emt 0:00:11]} Bc7 {[%emt 0:02:32]} 32. Rxd5 {[%emt 0:00:24]} Rxd5 {[%emt 0:00:03]} 33. Kf2 {[%emt 0:06:04]} Bb6 {[%emt 0:00:32]} 34. Ke2 {[%emt 0:00:10]} Kf7 {[%emt 0:00:45]} 35. Rd3 {[%emt 0:01:14]} Ke8 {[%emt 0:00:30]} 36. Re3 {[%emt 0:01:08]} Kd7 {[%emt 0:00:04]} 37. Re5 {[%emt 0:01:29]} Rxe5+ {[%emt 0:00:16]} 38. dxe5 {[%emt 0:00:04]} Kc6 {[%emt 0:00:05]} 39. h3 {[%emt 0:00:49]} Kd5 {[%emt 0:00:11]} 40. b3 {[%emt 0:02:31]} Bd4 {[%emt 0:00:56]} 41. Be1 {[%emt 0:01:00]} Bxe5 {[%emt 0:00:22]} 42. Kd3 {[%emt 0:00:05]} Bd6 {[%emt 0:00:26]} 43. a4 {[%emt 0:00:33]} e5 44. Bf2 {[%emt 0:00:32]} e4+ {[%emt 0:00:41]} 45. fxe4+ {[%emt 0:01:31]} fxe4+ {[%emt 0:00:03]} 46. Ke2 {[%emt 0:00:10]} a6 {[%emt 0:00:12]} 47. g4 {[%emt 0:01:09]} hxg4 {[%emt 0:02:20]} 48. hxg4 {[%emt 0:00:06]} Bf4 {[%emt 0:00:31]} 49. Bb6 {[%emt 0:00:29]} Kc6 {[%emt 0:00:42]} 50. Bd4 {[%emt 0:00:18]} Kd5 {[%emt 0:00:28]} 51. Bb6 {[%emt 0:00:12]} Ke5 {[%emt 0:00:46]} 52. Bf2 {[%emt 0:01:37]} Bc1 {[%emt 0:00:42]} 53. Kd1 {[%emt 0:00:20]} Bb2 {[%emt 0:00:28]} 54. Be3 {[%emt 0:00:13]} Kf6 {[%emt 0:00:33]} 55. Ke2 {[%emt 0:00:31]} Be5 {[%emt 0:00:27]} 56. Bb6 {[%emt 0:00:16]} Ke6 {[%emt 0:00:21]} 57. Bd8 {[%emt 0:00:32]} Kd5 {[%emt 0:00:28]} 58. Bxg5 {[%emt 0:00:11]} Bd4 {[%emt 0:01:33]} 59. Be3 {[%emt 0:00:35]} Bb2 {[%emt 0:00:05]} 60. Bb6 {[%emt 0:01:40]} Bc1 {[%emt 0:00:35]} 61. Be3 {[%emt 0:00:26]} Bb2 {[%emt 0:00:06]} 62. Bb6 {[%emt 0:00:04]} Bc1 {[%emt 0:00:18]} 63. Be3 {[%emt 0:00:16]} Bb2 {[%emt 0:00:12]} 1/2-1/2

[Event "Guimaraes Open 2019"]
[Site "Guimaraes"]
[Date "2019.08.29"]
[Round "2.35"]
[White "Nunes, Eduardo"]
[Black "Teixeira, Jose Manuel"]
[Result "1-0"]
[WhiteElo "1566"]
[BlackElo "1361"]
[Annotator "NA"]
[PlyCount "83"]
[EventDate "2019.08.28"]
[EventType "swiss"]
[EventCountry "POR"]
[SourceTitle "playchess.com"]
[Source "ChessBase"]
[SourceQuality "1"]
[TimeControl "5400+30"]

1. e4 {[%emt 0:00:00]} e5 {[%emt 0:00:00]} 2. Nf3 {[%emt 0:00:00]} Nc6 {[%emt 0:04:36]} 3. d4 {[%emt 0:02:56]} d6 {[%emt 0:00:30]} 4. dxe5 {[%emt 0:00:30]} dxe5 {[%emt 0:00:30]} 5. Qxd8+ {[%emt 0:00:30]} Kxd8 6. a3 Bg4 {[%emt 0:00:29]} 7. Be3 {[%emt 0:05:34]} Bxf3 {[%emt 0:01:54]} 8. gxf3 {[%emt 0:00:08]} Nf6 {[%emt 0:01:25]} 9. Nc3 {[%emt 0:00:39]} Bd6 {[%emt 0:03:05]} 10. Rg1 {[%emt 0:02:48]} Nh5 {[%emt 0:01:36]} 11. O-O-O {[%emt 0:04:31]} a6 {[%emt 0:03:36]} 12. Bc5 {[%emt 0:02:23]} g6 {[%emt 0:09:27]} 13. Bxd6 {[%emt 0:02:08]} cxd6 {[%emt 0:01:43]} 14. Rxd6+ {[%emt 0:00:36]} Ke7 {[%emt 0:00:30]} 15. Rd3 {[%emt 0:03:49]} Nf4 {[%emt 0:01:03]} 16. Nd5+ {[%emt 0:00:41]} Kf8 {[%emt 0:02:45]} 17. Nxf4 {[%emt 0:00:39]} exf4 {[%emt 0:00:32]} 18. Be2 {[%emt 0:02:41]} Ne5 {[%emt 0:00:31]} 19. Rd5 {[%emt 0:00:32]} f6 {[%emt 0:01:00]} 20. Rgd1 {[%emt 0:00:33]} Ke7 {[%emt 0:00:19]} 21. b3 {[%emt 0:03:00]} Rhd8 {[%emt 0:02:27]} 22. c4 {[%emt 0:02:50]} b6 23. Kb2 g5 {[%emt 0:02:01]} 24. Kc3 {[%emt 0:03:27]} Rac8 {[%emt 0:04:05]} 25. Rxd8 {[%emt 0:04:56]} Rxd8 {[%emt 0:00:24]} 26. Rxd8 {[%emt 0:00:08]} Kxd8 {[%emt 0:00:30]} 27. Kd4 {[%emt 0:00:30]} Kd7 {[%emt 0:00:37]} 28. Kd5 {[%emt 0:00:29]} h5 {[%emt 0:01:28]} 29. h3 {[%emt 0:00:27]} Nc6 30. b4 {[%emt 0:05:59]} Ne7+ {[%emt 0:04:18]} 31. Kd4 {[%emt 0:00:21]} Ke6 {[%emt 0:03:48]} 32. b5 {[%emt 0:01:48]} a5 33. c5 {[%emt 0:01:52]} Nc8 {[%emt 0:06:20]} 34. cxb6 {[%emt 0:00:30]} Nd6 35. Kc5 {[%emt 0:01:25]} Kd7 {[%emt 0:03:53]} 36. Kd5 {[%emt 0:01:06]} Nb7 37. e5 fxe5 {[%emt 0:03:08]} 38. Kxe5 {[%emt 0:00:37]} Nc5 {[%emt 0:06:55]} 39. Kf5 {[%emt 0:00:45]} Ne6 {[%emt 0:01:56]} 40. b7 {[%emt 0:00:58]} Nd4+ {[%emt 0:00:25]} 41. Ke5 {[%emt 0:00:18]} Nxe2 {[%emt 0:06:11]} 42. b8=Q {[%emt 0:00:18]} 1-0

[Event "Guimaraes Open 2019"]
[Site "Guimaraes"]
[Date "2019.08.29"]
[Round "3.1"]
[White "Grigoryan, Karen H."]
[Black "Mendes, Bruno Daniel Duraes "]
[Result "1-0"]
[WhiteElo "2562"]
[BlackElo "1442"]
[Annotator "TA"]
[PlyCount "83"]
[EventDate "2019.08.28"]
[EventType "swiss"]
[EventCountry "POR"]
[SourceTitle "playchess.com"]
[Source "ChessBase"]
[SourceQuality "1"]

{[%evp 11,87,0,41,-6,1,-12,-12,-43,14,10,14,7,16,18,11,11,25,-5,-5,3,31,7,33,29,66,75,75,31,79,83,102,93,87,87,91,95,109,109,102,102,243,243,243,243,436,369,553,538,1128,1128,1095,1059,990,918,739,645,1294,1270,2483,1798,6614,6601,6187,6175,5709,5643,5197,2693,29985,29986,29986,29987,29987,29987,29989,29990,29991,29992]} 1. e4 e6 2. d4 d5 3. Nc3 Nf6 4. Bg5 Be7 5. e5 Nfd7 6. h4 a6 7. f4 {C14: French: Classical System: 4 Bg5 Be7 main line} (7. Qg4 h5 8. Qg3 Bxg5 9. hxg5 c5 10. dxc5 g6 11. O-O-O Nxc5 12. f4 b5 13. Qe3 Qb6 14. Kb1 Nc6 15. Nf3 b4 {1-0 (33) Perez Candelario,M (2569)-Arribas Lopez,A (2559) Linares 2015}) 7... c5 8. Nf3 Nc6 9. Qd2 {The position is equal.} (9. Bxe7 {feels hotter.} Qxe7 10. Qd2 b5 11. O-O-O b4 12. Na4) 9... cxd4 (9... f6 $15 10. exf6 Nxf6) 10. Nxd4 $11 Nxd4 11. Qxd4 Qb6 12. Qxb6 Nxb6 13. Bxe7 Kxe7 14. h5 $146 ({Predecessor:} 14. O-O-O Bd7 {1-0 (77) Crespo,A (2119)-Pereira,A (1705) Porto Alegre 2012}) 14... Bd7 15. Bd3 Nc4 16. O-O-O (16. b3 $5 {[%cal Rb3c4]} Ne3 17. Kd2 $11) 16... Bc6 17. Rh3 a5 18. Ne2 a4 19. a3 Rac8 20. Nd4 Nb6 21. f5 Nd7 22. Re1 Nc5 23. g4 Nxd3+ 24. cxd3 Bd7+ 25. Kd2 Rc5 (25... h6 $16) 26. h6 $18 g6 27. fxg6 fxg6 $2 (27... hxg6 {was called for.} 28. Rf1 Kf8) 28. Rf3 Rcc8 (28... g5 {was worth a try.} 29. Ref1 Be8) 29. Ref1 Rcf8 {[#]} 30. Rxf8 $1 Rxf8 31. Rxf8 Kxf8 {[%mdl 4096] Endgame KB-KN} 32. g5 b6 33. Kc3 Ke8 34. Kb4 Kd8 35. Nf3 Ke7 36. Nh2 Kf7 37. Ng4 Bc6 38. Nf6 d4 39. Kc4 Bd5+ 40. Nxd5 {White mates.} exd5+ 41. Kxd5 Ke7 42. e6 {Played: Kd5xd4} 1-0

[Event "Guimaraes Open 2019"]
[Site "Guimaraes"]
[Date "2019.08.29"]
[Round "3.2"]
[White "Saran Vikash Velumani"]
[Black "Martinez Duany, Lelys Stanley"]
[Result "0-1"]
[WhiteElo "1439"]
[BlackElo "2526"]
[Annotator "TA"]
[PlyCount "44"]
[EventDate "2019.08.28"]
[EventType "swiss"]
[EventCountry "POR"]
[SourceTitle "playchess.com"]
[Source "ChessBase"]
[SourceQuality "1"]

{[%evp 13,44,16,52,41,58,-10,0,-29,-42,-41,-17,-23,-36,-29,-28,-46,-33,-109,-104,-144,-125,-161,-150,-226,-233,-258,-262,-451,-432,-457,-438,-674,-625]} 1. e4 c5 2. Nf3 e6 3. d4 cxd4 4. Nxd4 a6 5. c4 Nf6 6. Nc3 Qc7 7. a3 b6 8. Be2 {B41: Sicilian: Kan Variation: 5 c4} (8. Be3 Bb7 9. f3 d6 10. Rc1 Nbd7 11. Be2 Rc8 12. O-O Be7 13. b4 Qb8 14. Qd2 Bd8 15. Kh1 h5 16. Nb3 {1-0 (36) Karjakin,S (2753)-Smirin,I (2609) St Petersburg 2018}) 8... Bb7 9. Bf3 $146 (9. f3 $14) ({Predecessor:} 9. f3 Nc6 10. Be3 Ne5 11. Rc1 Ng6 12. O-O Bd6 13. h3 Bh2+ 14. Kh1 Nh5 15. Bf2 Ng3+ 16. Bxg3 Bxg3 {0-1 (30) Van Foreest,J (2629)-Khismatullin,D (2632) Riadh 2017}) 9... d6 10. Qe2 {The position is equal.} Nbd7 {[%cal Bb8d7,Bd7e5,Be5f3][%mdl 32]} 11. O-O Be7 12. Bd2 Rc8 13. b3 Ne5 14. Rfe1 O-O 15. Nc2 ({Better is} 15. Rab1 $15) 15... Nfd7 $17 16. Rac1 Nc5 17. Rb1 f5 18. Nd4 (18. exf5 $17 Nxf3+ 19. gxf3) 18... Nxf3+ $19 19. gxf3 Bf6 20. Nc2 $2 {[#]} (20. b4 Bxd4 21. bxc5) 20... Bxc3 {Black is clearly winning.} 21. Bxc3 fxe4 22. b4 (22. Qd1 $142) 22... Nd3 {Accuracy: White = 13%, Black = 59%.} 0-1

[Event "Guimaraes Open 2019"]
[Site "Guimaraes"]
[Date "2019.08.29"]
[Round "3.3"]
[White "Lizak, Peter"]
[Black "Dong, Rafael"]
[Result "1-0"]
[WhiteElo "2448"]
[BlackElo "1432"]
[Annotator "TA"]
[PlyCount "47"]
[EventDate "2019.08.28"]
[EventType "swiss"]
[EventCountry "POR"]
[SourceTitle "playchess.com"]
[Source "ChessBase"]
[SourceQuality "1"]

{[%evp 9,47,14,31,31,31,31,39,38,39,36,30,39,31,12,14,-22,14,-14,-5,-2,295,282,607,602,803,781,1384,1381,1343,1346,1323,1284,1795,1747,1641,1463,1822,1802,29986,29987]} 1. d4 d5 2. Nc3 Nf6 3. Bf4 c6 4. e3 Bf5 5. f3 e6 6. g4 {D00: 1 d4 d5: Unusual lines} Bg6 7. h4 {[#] Strongly threatening h5.} h5 8. g5 {White is slightly better.} Nfd7 9. Bd3 Bxd3 10. Qxd3 Nb6 11. g6 $146 ({Predecessor:} 11. Nge2 Bd6 12. e4 Bxf4 13. Nxf4 {½-½ (73) Kovalev,V (2560)-Skliarov,V (2436) Lvov 2016}) 11... f6 $1 12. Nge2 Bd6 13. e4 Bxf4 14. Nxf4 Qe7 $2 {[%mdl 8192]} (14... Qd6 $11 {and Black stays safe.} 15. Nfe2 Na6) 15. exd5 $18 exd5+ $2 (15... Nxd5 16. Ncxd5 cxd5) 16. Kf2 Qd6 17. Rae1+ Kd7 18. Qf5+ Kc7 19. Ne6+ Kc8 20. Nxg7+ {[%mdl 64] [#] Discovered Attack} N8d7 21. Re8+ Rxe8 22. Nxe8 Qb4 23. Qf4 {[%csl Ge8][%cal Rf4c7]} Kd8 24. g7 {Accuracy: White = 75%, Black = 32%.} 1-0

[Event "Guimaraes Open 2019"]
[Site "Guimaraes"]
[Date "2019.08.29"]
[Round "3.4"]
[White "Schou, Bjorn A"]
[Black "Lopez Diaz, Pablo"]
[Result "1-0"]
[WhiteElo "1257"]
[BlackElo "1340"]
[Annotator "NA RC"]
[PlyCount "65"]
[EventDate "2019.08.28"]
[EventType "swiss"]
[EventCountry "POR"]
[SourceTitle "playchess.com"]
[Source "ChessBase"]
[SourceQuality "1"]
[TimeControl "5400+30"]

1. d4 {[%emt 0:00:00]} Nf6 {[%emt 0:00:00]} 2. c4 {[%emt 0:00:00]} g6 {[%emt 0:00:00]} 3. Nc3 {[%emt 0:00:00]} Bg7 {[%emt 0:00:07]} 4. Nf3 {[%emt 0:00:46]} O-O {[%emt 0:01:18]} 5. e4 {[%emt 0:00:10]} d6 {[%emt 0:00:27]} 6. Be2 {[%emt 0:00:08]} c5 {[%emt 0:02:31]} 7. d5 {[%emt 0:00:57]} Nbd7 {[%emt 0:08:27]} 8. h3 {[%emt 0:00:32]} Ne5 {[%emt 0:03:15]} 9. Nh2 {[%emt 0:01:05]} b6 {[%emt 0:10:24]} 10. O-O {[%emt 0:00:59]} h6 {[%emt 0:03:20]} 11. f4 {[%emt 0:00:38]} Ned7 {[%emt 0:02:30]} 12. Be3 {[%emt 0:00:04]} Nh7 {[%emt 0:03:09]} 13. Qd2 {[%emt 0:00:30]} f6 {[%emt 0:09:13]} 14. Bg4 {[%emt 0:01:24]} f5 {[%emt 0:04:19]} 15. Bf3 {[%emt 0:00:10]} Ba6 {[%emt 0:02:51]} 16. exf5 {[%emt 0:00:38]} gxf5 {[%emt 0:00:56]} 17. Be2 {[%emt 0:00:04]} Ndf6 {[%emt 0:02:00]} 18. Bd3 {[%emt 0:00:05]} Qd7 {[%emt 0:05:39]} 19. Qc2 {[%emt 0:00:39]} e6 {[%emt 0:04:27]} 20. Rfe1 {[%emt 0:00:15]} exd5 {[%emt 0:04:56]} 21. Bxf5 {[%emt 0:00:13]} Qb7 {[%emt 0:04:57]} 22. cxd5 {[%emt 0:01:38]} Rae8 {[%emt 0:01:58]} 23. Nf3 {[%emt 0:00:24]} b5 {[%emt 0:03:42]} 24. Be6+ {[%emt 0:00:27]} Kh8 {[%emt 0:00:22]} 25. Nh4 {[%emt 0:00:58]} Rxe6 {[%emt 0:02:04]} 26. dxe6 {[%emt 0:00:04]} Re8 {[%emt 0:00:43]} 27. Bf2 {[%emt 0:01:40]} b4 {[%emt 0:01:28]} 28. Nd1 {[%emt 0:05:32]} Qc6 {[%emt 0:01:26]} 29. Ne3 {[%emt 0:01:57]} Rxe6 {[%emt 0:01:52]} 30. Ng6+ {[%emt 0:03:00]} Kg8 {[%emt 0:00:24]} 31. Nf5 {[%emt 0:00:08]} Rxe1+ {[%emt 0:00:32]} 32. Rxe1 {[%emt 0:00:03]} Qc7 {[%emt 0:01:59]} 33. Re7 {[%emt 0:00:36]} 1-0

[Event "Guimaraes Open 2019"]
[Site "Guimaraes"]
[Date "2019.08.29"]
[Round "3.5"]
[White "Espineira Gonzalez, Diego"]
[Black "Dieguez Novoa, Benjamin"]
[Result "1-0"]
[WhiteElo "2362"]
[BlackElo "1333"]
[Annotator "TA"]
[PlyCount "51"]
[EventDate "2019.08.28"]
[EventType "swiss"]
[EventCountry "POR"]
[SourceTitle "playchess.com"]
[Source "ChessBase"]
[SourceQuality "1"]

{[%evp 18,50,24,2,686,690,670,661,651,471,787,776,777,770,779,799,935,925,927,931,1129,1109,1117,1124,1326,1335,1287,1263,2260,2269,29997,29998,29998,29999,29999]} 1. e4 c6 2. d4 d5 3. Nd2 {[%cal Bb1d2,Bd2e4,Be4g3][%mdl 32]} dxe4 4. Nxe4 Bf5 5. Ng3 Bg6 6. Nf3 Nf6 7. h4 h6 8. Ne5 Bh7 9. Bc4 e6 10. Qe2 {Black must now prevent Nxf7!} Bd6 $2 {[%mdl 8192] [#] B19: Classical Caro-Kann: 4...Bf5 main line} ({But not} 10... Qxd4 $2 {[#]} 11. Nxf7 $1 {[%mdl 512]} Bb4+ 12. c3 $18) (10... Nd5 $11) (10... Nd5 11. Qh5 Qc7 12. O-O Bd6 13. Re1 O-O 14. Qg4 Nf6 15. Qf3 Nbd7 16. Nxd7 Nxd7 17. Ne4 Be7 18. c3 Bxh4 {0-1 (92) Harikrishna,P (2685)-Mamedyarov,S (2729) Istanbul 2012}) 11. Nxf7 $1 $18 {[%mdl 576] Double Attack} Qe7 (11... Kxf7 12. Qxe6+) 12. Nxh8 Nbd7 {White is clearly winning.} 13. Qxe6 O-O-O $146 (13... Bxg3 $142 14. fxg3 Qxe6+ 15. Bxe6 Ke7) ({Predecessor:} 13... Qxe6+ 14. Bxe6 Ke7 15. Bf5 Rxh8 16. Bxh7 Rxh7 17. Nf5+ Ke6 18. Nxd6 Kxd6 {1-0 (33) Bonev,T (2250)-Savitskaya,E (2201) Sunny Beach 2004}) 14. Qxe7 Bxe7 15. Nf7 Re8 16. O-O Bb4 17. c3 Bf8 18. Bf4 c5 19. Rfe1 Rxe1+ 20. Rxe1 Nb6 21. Be6+ Nbd7 {[#]} 22. b4 $1 cxd4 (22... cxb4 23. cxb4) 23. cxd4 {White threatens Rc1+ and mate.} Bxb4 24. Rc1+ {White mates.} Bc2 25. Rxc2+ Bc5 26. Rxc5# 1-0